The eye of the doe / (Record no. 130421)
[ view plain ]
| 000 -LEADER | |
|---|---|
| fixed length control field | 00693nam a22002417a 4500 |
| 005 - DATE AND TIME OF LATEST TRANSACTION | |
| control field | 20170124110111.0 |
| 010 ## - LIBRARY OF CONGRESS CONTROL NUMBER | |
| LC control number | B-122358 |
| 020 ## - INTERNATIONAL STANDARD BOOK NUMBER | |
| Terms of availability | 70.00 |
| International Standard Book Number | 8126017002 |
| 035 ## - SYSTEM CONTROL NUMBER | |
| System control number | B-122358 |
| 037 ## - SOURCE OF ACQUISITION | |
| Source of stock number/acquisition | Cen Lib/Ret |
| 040 ## - CATALOGING SOURCE | |
| Original cataloging agency | DPL |
| Language of cataloging | EN |
| 082 ## - DEWEY DECIMAL CLASSIFICATION NUMBER | |
| Classification number | S |
| Item number | BHA |
| 100 ## - MAIN ENTRY--PERSONAL NAME | |
| Personal name | Bhandari, Mohan |
| 9 (RLIN) | 29165 |
| 245 ## - TITLE STATEMENT | |
| Title | The eye of the doe / |
| Statement of responsibility, etc | by Mohan Bhandari; translated by Rana Nayar |
| 260 ## - PUBLICATION, DISTRIBUTION, ETC. (IMPRINT) | |
| Place of publication, distribution, etc | New Delhi |
| Name of publisher, distributor, etc | Sahitya akademy |
| Date of publication, distribution, etc | 2003 |
| 270 ## - ADDRESS | |
| City | New Delhi |
| Address | Rabindra bhavan, 35, Ferozshah road |
| Postal code | 110001 |
| 300 ## - PHYSICAL DESCRIPTION | |
| Extent | 164p. |
| Dimensions | 19cm(pbk) |
| 650 ## - SUBJECT ADDED ENTRY--TOPICAL TERM | |
| Topical term or geographic name as entry element | Hindi Literature |
| 9 (RLIN) | 29166 |
| 650 ## - SUBJECT ADDED ENTRY--TOPICAL TERM | |
| Topical term or geographic name as entry element | Short stories |
| 9 (RLIN) | 44 |
| 700 ## - ADDED ENTRY--PERSONAL NAME | |
| Personal name | Nayar, Rana |
| 9 (RLIN) | 29155 |
| 700 ## - ADDED ENTRY--PERSONAL NAME | |
| 9 (RLIN) | 29156 |
| 942 ## - ADDED ENTRY ELEMENTS (KOHA) | |
| Source of classification or shelving scheme | Dewey Decimal Classification |
| Koha item type | English Books |
| Classification part | S |
| Call number suffix | BHA |
| Withdrawn status | Lost status | Damaged status | Not for loan | Home library | Current library | Date acquired | Source of acquisition | Cost, normal purchase price | Total Checkouts | Full call number | Barcode | Date last seen | Copy number | Cost, replacement price | Price effective from | Koha item type | Source of classification or shelving scheme | Collection code |
|---|---|---|---|---|---|---|---|---|---|---|---|---|---|---|---|---|---|---|
| Central Library | Central Library | 09/07/2015 | Cen Lib/Ret | 70.00 | S BHA | B-122358 | 09/07/2015 | 1 | 70.00 | 09/07/2015 | English Books | |||||||
| Yojana Vihar | Yojana Vihar | 19/08/2019 | BPPD/PUB | 70.00 | S BHA | B-122381 | 19/08/2019 | 70.00 | 19/08/2019 | English Books | Dewey Decimal Classification | Fiction |
